|
|
|
|
| LEADER |
00000cam a2200000 7i4500 |
| 001 |
0000099026 |
| 005 |
20230308093000.0 |
| 008 |
200812s2019 mf eng |
| 020 |
|
|
|a 6200114439
|
| 020 |
|
|
|a 9786200114433
|
| 040 |
|
|
|a UniSZA
|e rda
|
| 050 |
0 |
0 |
|a SH 328
|b .K43 2019
|
| 090 |
0 |
0 |
|a SH 328
|b .K43 2019
|
| 100 |
0 |
|
|a Md Idrish Raja Khan ,
|e author
|
| 245 |
0 |
0 |
|a Hand-on fish seed production and hatchery management
|c Md Idrish Raja Khan
|
| 264 |
|
1 |
|a Beau Bassin :
|b LAP Lambert Academic Publishing
|c 2019
|
| 300 |
|
|
|a 97pages :
|b colour illustrations ;
|c 22cm.
|
| 336 |
|
|
|a text
|2 rdacontent
|
| 337 |
|
|
|a unmediated
|2 rdamedia
|
| 338 |
|
|
|a volume
|2 rdacarrier
|
| 504 |
|
|
|a Includes bibliographical references (page 97)
|
| 505 |
0 |
|
|a 1. Introduction -- 2. Indian major carp seed production at fish seed production center-bodla -- 3. Nursery rearing of imc seed at fish seed center-khairbana kala -- 4. Magur breeding and seed prodiction at demonstration cum training unit and fish rearing center-gourmati -- 5. Ornamental fish production at college of fisheries,kawardha
|
| 650 |
|
0 |
|a Aquaculture
|
| 650 |
|
0 |
|a Fish culture
|
| 999 |
|
|
|a 1000180379
|b Book
|c Open Shelf (1 Day)
|e Tembila Campus
|
| 999 |
|
|
|a 1000183475
|b Book
|c OPEN SHELF (30 DAYS)
|e Tembila Campus
|